000 00927nam a22002897a 4500
999 _c8247
_d8247
003 AR-CdUCM
008 190322b ||||| |||| 00| 0 spa d
040 _aMUNICIPALIDAD PROVINCIAL DEL CUSCO
_cBIBLIOTECA MUNICIPAL DEL CUSCO
082 _a985.019 /
_bR68
100 _aRivero, Mariano Eduardo de
_923209
245 _aAntigüedades peruanas /
260 _aArequipa :
_bLumen,
_c1958.
300 _a207 páginas ;
_c17 cm.
500 _aDonación familia Nieto. Primer festival del libro arequipeño.
650 _aArte peruano (Indígena)
_923210
650 _aCraneología
_97208
650 _aIndígenas del Perú
_95715
650 _aReligión y mitología
_96042
650 _aPerú
_935
650 _aHistoria
_9136
650 _aÉpoca Prehispánica
_92714
650 _aIncas
_9303
650 _aAspectos religiosos
_916844
700 _aTschudi, Juan Diego de
_923211
942 _2ddc
_cLIBROS
945 _azta